[Event "Wroclaw Open"]
[Site "?"]
[Date "2017.08.16"]
[Round "8.13"]
[White "Ochman, Sebastian"]
[Black "Decker, Nils"]
[Result "0-1"]
[BlackElo "2034"]
[WhiteElo "1748"]
[LiveChessVersion "1.4.6"]

1. d4 {[%clk 1:30:56]} Nf6 {[%clk 1:30:40]} 2. c4 {[%clk 1:31:20]} e6
{[%clk 1:30:59]} 3. Nf3 {[%clk 1:31:38]} d5 {[%clk 1:31:12]} 4. Nc3
{[%clk 1:30:33]} dxc4 {[%clk 1:31:26]} 5. e3 {[%clk 1:28:03]} a6 {[%clk 1:31:35]}
6. a4 {[%clk 1:24:52]} b6 {[%clk 1:18:14]} 7. Bxc4 {[%clk 1:24:31]} Bb7
{[%clk 1:18:24]} 8. O-O {[%clk 1:24:09]} Nbd7 {[%clk 1:14:55]} 9. Qe2
{[%clk 1:21:13]} Bb4 {[%clk 1:09:40]} 10. Rd1 {[%clk 1:10:49]} Qe7
{[%clk 1:09:38]} 11. Bd2 {[%clk 0:57:41]} O-O {[%clk 1:08:03]} 12. Bd3
{[%clk 0:54:40]} Rfd8 {[%clk 0:57:27]} 13. Rac1 {[%clk 0:46:58]} c5
{[%clk 0:39:54]} 14. Ne5 {[%clk 0:32:50]} Nxe5 {[%clk 0:26:07]} 15. dxe5
{[%clk 0:33:11]} Qd7 {[%clk 0:25:44]} 16. Be1 {[%clk 0:28:32]} Qc6
{[%clk 0:23:13]} 17. f3 {[%clk 0:27:27]} Bxc3 {[%clk 0:22:25]} 18. Rxc3
{[%clk 0:23:19]} Nd5 {[%clk 0:21:53]} 19. Rc4 {[%clk 0:18:15]} Qc7
{[%clk 0:10:11]} 20. f4 {[%clk 0:12:48]} Qc6 {[%clk 0:10:02]} 21. Be4
{[%clk 0:06:33]} b5 {[%clk 0:10:08]} 22. Rc2 {[%clk 0:04:58]} c4 {[%clk 0:05:51]}
23. Rd4 {[%clk 0:02:35]} Qb6 {[%clk 0:02:35]} 24. Bf2 {[%clk 0:01:48]} Nb4
{[%clk 0:02:07]} 25. Rcd2 {[%clk 0:01:31]} Bxe4 {[%clk 0:02:20]} 26. Rxe4
{[%clk 0:01:52]} Nd3 {[%clk 0:01:22]} 27. g3 {[%clk 0:00:51]} Qb7
{[%clk 0:01:17]} 28. Rd4 {[%clk 0:01:06]} Rxd4 {[%clk 0:01:24]} 29. exd4
{[%clk 0:01:33]} bxa4 {[%clk 0:01:41]} 30. Rc2 {[%clk 0:00:54]} Qb3
{[%clk 0:01:19]} 31. f5 {[%clk 0:00:43]} Rb8 {[%clk 0:01:00]} 32. f6
{[%clk 0:00:50]} Nxb2 {[%clk 0:00:48]} 33. Qg4 {[%clk 0:00:52]} g6
{[%clk 0:01:10]} 34. Qg5 {[%clk 0:00:52]} Qa3 {[%clk 0:01:13]} 35. Re2
{[%clk 0:00:39]} Qf8 {[%clk 0:01:13]} 36. d5 {[%clk 0:00:44]} a3 {[%clk 0:00:35]}
37. Re1 {[%clk 0:00:32]} Nd3 {[%clk 0:00:44]} 38. Ra1 {[%clk 0:00:35]} Nxf2
{[%clk 0:00:40]} 39. Kxf2 {[%clk 0:00:54]} Rb2+ {[%clk 0:00:45]} 40. Kf3
{[%clk 0:00:57]} exd5 {[%clk 0:00:38]} 41. Kg4 {[%clk 0:00:41]} Qc8+
{[%clk 0:00:42]} 42. Kf3 {[%clk 0:00:58]} a2 {[%clk 0:00:32]} 43. g4
{[%clk 0:01:07]} Qc5 {[%clk 0:00:36]} 44. Qh4 {[%clk 0:00:58]} Qa3+
{[%clk 0:00:33]} 45. Kf4 {[%clk 0:01:15]} Qd3 {[%clk 0:00:43]} 46. e6
{[%clk 0:01:01]} Qd2+ {[%clk 0:00:34]} 47. Ke5 {[%clk 0:01:16]} Qc3+
{[%clk 0:00:33]} 48. Kd6 {[%clk 0:01:31]} Rb6+ {[%clk 0:00:39]} 49. Kd7
{[%clk 0:01:06]} Rxe6 {[%clk 0:00:48]} 50. g5 {[%clk 0:01:08]} Qa3
{[%clk 0:01:03]} 51. Qh6 {[%clk 0:00:52]} Qd6+ {[%clk 0:01:14]} 52. Kc8
{[%clk 0:01:03]} Re8+ {[%clk 0:01:35]} 0-1

[Event "Wroclaw Open"]
[Site "?"]
[Date "2017.08.16"]
[Round "8.14"]
[White "Kanicki, Krzysztof"]
[Black "Fuchs, Dominik"]
[Result "1-0"]
[BlackElo "1865"]
[WhiteElo "2098"]
[LiveChessVersion "1.4.6"]

1. e4 {[%clk 1:30:58]} Nf6 {[%clk 1:30:53]} 2. e5 {[%clk 1:31:21]} Nd5
{[%clk 1:31:19]} 3. d4 {[%clk 1:31:44]} d6 {[%clk 1:31:44]} 4. c4
{[%clk 1:32:00]} Nb6 {[%clk 1:32:09]} 5. f4 {[%clk 1:32:22]} dxe5
{[%clk 1:32:34]} 6. fxe5 {[%clk 1:32:47]} Nc6 {[%clk 1:32:55]} 7. Be3
{[%clk 1:33:12]} Bf5 {[%clk 1:33:19]} 8. Nc3 {[%clk 1:32:10]} e6 {[%clk 1:33:39]}
9. Nf3 {[%clk 1:32:11]} Bb4 {[%clk 1:33:52]} 10. Qb3 {[%clk 0:51:04]} O-O
{[%clk 1:30:17]} 11. a3 {[%clk 0:50:24]} Be7 {[%clk 1:21:39]} 12. d5
{[%clk 0:34:10]} exd5 {[%clk 1:16:57]} 13. cxd5 {[%clk 0:32:33]} Bh4+
{[%clk 1:17:16]} 14. Nxh4 {[%clk 0:22:36]} Qxh4+ {[%clk 1:17:40]} 15. Bf2
{[%clk 0:21:54]} Nd4 {[%clk 1:17:48]} 16. Qd1 1-0

[Event "Wroclaw Open"]
[Site "?"]
[Date "2017.08.16"]
[Round "8.15"]
[White "Jachym, Adam"]
[Black "Dytman, Radoslaw"]
[Result "1-0"]
[BlackElo "1601"]
[WhiteElo "2005"]
[LiveChessVersion "1.4.6"]

1. d4 {[%clk 1:30:52]} Nf6 {[%clk 1:30:53]} 2. Nf3 {[%clk 1:31:13]} g6
{[%clk 1:31:08]} 3. e3 {[%clk 1:30:48]} Bg7 {[%clk 1:30:59]} 4. Nbd2
{[%clk 1:30:42]} O-O {[%clk 1:29:44]} 5. b3 {[%clk 1:30:22]} b6 {[%clk 1:28:28]}
6. Bb2 {[%clk 1:30:39]} Bb7 {[%clk 1:28:16]} 7. c4 {[%clk 1:30:49]} d6
{[%clk 1:28:06]} 8. Qc2 {[%clk 1:29:49]} Nbd7 {[%clk 1:27:22]} 9. h4
{[%clk 1:28:24]} c5 {[%clk 1:23:01]} 10. Be2 {[%clk 1:27:13]} Qc7
{[%clk 1:19:39]} 11. h5 {[%clk 1:18:27]} cxd4 {[%clk 1:15:01]} 12. Nxd4
{[%clk 1:15:17]} Ne5 {[%clk 1:02:58]} 13. hxg6 {[%clk 1:10:01]} hxg6
{[%clk 1:01:06]} 14. N4f3 {[%clk 1:04:28]} Nfd7 {[%clk 0:53:20]} 15. Nxe5
{[%clk 1:02:25]} Bxe5 {[%clk 0:52:59]} 16. Bxe5 {[%clk 1:02:31]} Nxe5
{[%clk 0:52:47]} 17. Qc3 {[%clk 1:01:55]} f6 {[%clk 0:45:32]} 18. f4
{[%clk 1:01:25]} Nd7 {[%clk 0:44:46]} 19. Bd3 {[%clk 0:58:00]} Kg7
{[%clk 0:40:15]} 20. O-O-O {[%clk 0:55:05]} Rh8 {[%clk 0:40:13]} 21. Bc2
{[%clk 0:55:03]} Bxg2 {[%clk 0:21:44]} 22. Rhg1 {[%clk 0:50:14]} Qc6
{[%clk 0:17:27]} 23. e4 {[%clk 0:44:02]} Bh3 {[%clk 0:13:03]} 24. e5
{[%clk 0:43:13]} d5 {[%clk 0:06:49]} 25. Bxg6 {[%clk 0:41:12]} Kf8
{[%clk 0:02:58]} 26. Qg3 {[%clk 0:40:27]} Qe6 {[%clk 0:01:37]} 27. cxd5
{[%clk 0:37:58]} Qxd5 {[%clk 0:00:58]} 28. Nc4 {[%clk 0:38:08]} Qc5
{[%clk 0:00:40]} 29. Bh5 {[%clk 0:37:50]} b5 {[%clk 0:00:31]} 30. Qg7# 1-0

[Event "Wroclaw Open"]
[Site "?"]
[Date "2017.08.16"]
[Round "8.16"]
[White "Witkowski, Krzysztof"]
[Black "Van Der Veen, Ronald"]
[Result "1-0"]
[BlackElo "2002"]
[WhiteElo "1809"]
[LiveChessVersion "1.4.6"]

1. e4 {[%clk 1:30:56]} d5 {[%clk 1:30:41]} 2. exd5 {[%clk 1:31:21]} Nf6
{[%clk 1:31:04]} 3. d4 {[%clk 1:31:20]} Nxd5 {[%clk 1:31:00]} 4. c4
{[%clk 1:31:33]} Nb6 {[%clk 1:31:17]} 5. Nf3 {[%clk 1:30:04]} g6 {[%clk 1:31:39]}
6. Be2 {[%clk 1:28:25]} Bg7 {[%clk 1:32:03]} 7. Nc3 {[%clk 1:27:59]} O-O
{[%clk 1:32:22]} 8. Be3 {[%clk 1:27:31]} Bf5 {[%clk 1:32:15]} 9. O-O
{[%clk 1:25:05]} c6 {[%clk 1:30:44]} 10. Qd2 {[%clk 1:21:28]} Re8
{[%clk 1:29:40]} 11. Rad1 {[%clk 1:16:43]} N8d7 {[%clk 1:26:12]} 12. h3
{[%clk 1:11:09]} Nf6 {[%clk 1:23:48]} 13. Ne5 {[%clk 1:07:43]} Nfd7
{[%clk 1:13:25]} 14. f4 {[%clk 1:02:54]} Nxe5 {[%clk 1:05:06]} 15. fxe5
{[%clk 0:59:29]} Qc7 {[%clk 1:02:02]} 16. g4 {[%clk 0:54:07]} Bd7
{[%clk 1:00:25]} 17. Bh6 {[%clk 0:52:01]} f6 {[%clk 0:58:55]} 18. Qf4
{[%clk 0:51:09]} f5 {[%clk 0:41:59]} 19. Bxg7 {[%clk 0:23:02]} Kxg7
{[%clk 0:41:08]} 20. g5 {[%clk 0:22:39]} Rad8 {[%clk 0:31:56]} 21. h4
{[%clk 0:22:07]} Be6 {[%clk 0:30:44]} 22. b3 {[%clk 0:21:55]} Rd7
{[%clk 0:30:08]} 23. h5 {[%clk 0:21:27]} a5 {[%clk 0:25:06]} 24. Rf2
{[%clk 0:20:36]} a4 {[%clk 0:21:24]} 25. Rh2 {[%clk 0:20:44]} Rh8
{[%clk 0:19:10]} 26. hxg6 {[%clk 0:19:28]} Rdd8 {[%clk 0:08:20]} 27. gxh7
{[%clk 0:18:29]} Rxh7 {[%clk 0:07:17]} 28. Rxh7+ {[%clk 0:18:24]} Kxh7
{[%clk 0:07:46]} 29. Qh4+ {[%clk 0:17:28]} Kg8 {[%clk 0:07:53]} 30. Qh6
{[%clk 0:16:05]} Kf7 {[%clk 0:05:54]} 31. Bh5+ {[%clk 0:16:28]} Kg8
{[%clk 0:06:23]} 32. Qxe6+ {[%clk 0:16:38]} 1-0

[Event "Wroclaw Open"]
[Site "?"]
[Date "2017.08.16"]
[Round "8.17"]
[White "Engers, Felix"]
[Black "Kaminski, Jan"]
[Result "1-0"]
[BlackElo "1818"]
[WhiteElo "1919"]
[LiveChessVersion "1.4.6"]

1. c4 {[%clk 1:30:58]} e5 {[%clk 1:30:50]} 2. g3 {[%clk 1:31:24]} c6
{[%clk 1:31:14]} 3. Nf3 {[%clk 1:31:48]} e4 {[%clk 1:31:36]} 4. Nd4
{[%clk 1:32:14]} d5 {[%clk 1:32:00]} 5. d3 {[%clk 1:31:51]} Nf6 {[%clk 1:30:42]}
6. Bg2 {[%clk 1:32:18]} Bb4+ {[%clk 1:28:57]} 7. Bd2 {[%clk 1:32:41]} Bxd2+
{[%clk 1:27:02]} 8. Qxd2 {[%clk 1:32:54]} exd3 {[%clk 1:27:17]} 9. Qxd3
{[%clk 1:30:39]} O-O {[%clk 1:27:35]} 10. O-O {[%clk 1:30:45]} Na6 11. cxd5
{[%clk 1:28:04]} Nxd5 {[%clk 1:23:55]} 12. Nc3 {[%clk 1:27:11]} Nab4
{[%clk 1:22:53]} 13. Qd2 {[%clk 1:27:15]} Nxc3 {[%clk 1:20:58]} 14. Qxc3
{[%clk 1:26:48]} Nd5 {[%clk 1:21:17]} 15. Qb3 {[%clk 1:26:53]} Qf6
{[%clk 1:19:28]} 16. Rfd1 {[%clk 1:25:34]} Nb6 {[%clk 1:19:05]} 17. a4
{[%clk 1:25:09]} c5 {[%clk 1:16:36]} 18. Nb5 {[%clk 1:22:07]} Be6
{[%clk 1:15:50]} 19. Qc2 {[%clk 1:21:53]} Bf5 {[%clk 1:12:13]} 20. Qxc5
{[%clk 1:21:18]} Rac8 {[%clk 1:12:14]} 21. Qd4 {[%clk 1:17:57]} Qxd4
{[%clk 1:12:31]} 22. Nxd4 {[%clk 1:18:13]} Bc2 {[%clk 1:11:46]} 23. Bxb7
{[%clk 1:15:04]} Bxd1 {[%clk 1:11:29]} 24. Bxc8 {[%clk 1:15:30]} Bxa4
{[%clk 1:10:09]} 25. Bf5 {[%clk 1:15:33]} Rd8 {[%clk 1:10:11]} 26. e3
{[%clk 1:15:38]} g6 {[%clk 1:10:28]} 27. Be4 {[%clk 1:14:49]} Rd7
{[%clk 1:09:52]} 28. b3 {[%clk 1:14:40]} f5 {[%clk 1:09:54]} 29. Bf3
{[%clk 1:14:29]} Rxd4 {[%clk 1:10:03]} 30. exd4 {[%clk 1:14:51]} Bxb3
{[%clk 1:10:30]} 31. Rxa7 {[%clk 1:15:15]} 1-0

[Event "Wroclaw Open"]
[Site "?"]
[Date "2017.08.16"]
[Round "8.18"]
[White "Zamekhovskiy, Yevgen"]
[Black "Slacky, Stanislav"]
[Result "1/2-1/2"]
[BlackElo "2210"]
[WhiteElo "1707"]
[LiveChessVersion "1.4.6"]

1. d4 {[%clk 1:29:08]} Nf6 {[%clk 1:30:42]} 2. Nf3 {[%clk 1:29:14]} d5
{[%clk 1:30:16]} 3. c4 {[%clk 1:28:05]} e6 {[%clk 1:30:03]} 4. g3
{[%clk 1:27:41]} Be7 {[%clk 1:28:27]} 5. Bg2 {[%clk 1:27:36]} O-O
{[%clk 1:28:52]} 6. O-O {[%clk 1:27:56]} Nbd7 {[%clk 1:24:45]} 7. Qc2
{[%clk 1:24:09]} dxc4 {[%clk 1:16:27]} 8. Qxc4 {[%clk 1:24:03]} Nb6
{[%clk 1:15:28]} 9. Qc2 {[%clk 1:19:20]} Bd7 {[%clk 1:14:53]} 10. Nc3
{[%clk 1:17:14]} Rc8 {[%clk 1:10:39]} 11. Rd1 {[%clk 1:15:58]} c5
{[%clk 1:05:37]} 12. e4 {[%clk 1:13:29]} cxd4 {[%clk 1:04:14]} 13. Nxd4
{[%clk 1:13:48]} Qc7 {[%clk 0:58:41]} 14. Qe2 {[%clk 1:09:20]} e5
{[%clk 0:48:54]} 15. Nf5 {[%clk 1:02:02]} Bxf5 {[%clk 0:46:26]} 16. exf5
{[%clk 1:01:46]} Nfd7 {[%clk 0:40:46]} 17. a4 {[%clk 0:59:19]} a5
{[%clk 0:33:11]} 18. Nd5 {[%clk 0:42:23]} Nxd5 {[%clk 0:32:11]} 19. Rxd5
{[%clk 0:42:21]} Bb4 {[%clk 0:17:58]} 20. Be3 Nb8 1/2-1/2

[Event "Wroclaw Open"]
[Site "?"]
[Date "2017.08.16"]
[Round "8.19"]
[White "Galant, Ireneusz"]
[Black "Madera, Mateusz"]
[Result "0-1"]
[BlackElo "1962"]
[WhiteElo "1739"]
[LiveChessVersion "1.4.6"]

1. g3 {[%clk 1:27:41]} e5 {[%clk 1:29:49]} 2. Bg2 {[%clk 1:27:46]} d5
{[%clk 1:30:12]} 3. c4 {[%clk 1:27:14]} Nf6 {[%clk 1:24:21]} 4. cxd5
{[%clk 1:24:12]} Nxd5 {[%clk 1:22:57]} 5. Nc3 {[%clk 1:24:05]} Nb6
{[%clk 1:15:53]} 6. Nf3 {[%clk 1:18:28]} Nc6 {[%clk 1:15:31]} 7. O-O
{[%clk 1:18:19]} Be7 {[%clk 1:15:06]} 8. d3 {[%clk 1:16:57]} O-O {[%clk 1:13:46]}
9. Be3 {[%clk 1:15:30]} Be6 {[%clk 1:10:20]} 10. a3 {[%clk 1:10:27]} Nd5
{[%clk 1:03:13]} 11. Bd2 {[%clk 1:10:39]} a5 {[%clk 0:54:35]} 12. Qc2
{[%clk 0:54:58]} h6 {[%clk 0:49:25]} 13. Rac1 {[%clk 0:46:07]} Qd7
{[%clk 0:40:54]} 14. Rfe1 {[%clk 0:40:00]} Rfd8 {[%clk 0:37:40]} 15. Ne4
{[%clk 0:35:37]} a4 {[%clk 0:19:33]} 16. Nc5 {[%clk 0:33:23]} Bxc5
{[%clk 0:20:01]} 17. Qxc5 {[%clk 0:33:41]} Qd6 {[%clk 0:18:36]} 18. Qc2
{[%clk 0:30:34]} Bg4 {[%clk 0:18:40]} 19. Be3 {[%clk 0:26:01]} Rd7
{[%clk 0:10:27]} 20. Nd2 {[%clk 0:25:58]} f5 {[%clk 0:07:36]} 21. Bc5
{[%clk 0:24:05]} Qe6 {[%clk 0:08:01]} 22. Qc4 {[%clk 0:22:51]} Kf7
{[%clk 0:07:55]} 23. h3 {[%clk 0:20:16]} Bh5 {[%clk 0:08:08]} 24. Qb5
{[%clk 0:14:16]} Nd8 {[%clk 0:08:37]} 25. e4 {[%clk 0:12:29]} fxe4
{[%clk 0:09:01]} 26. Nxe4 {[%clk 0:12:08]} c6 {[%clk 0:09:24]} 27. Qc4
{[%clk 0:12:23]} b5 {[%clk 0:08:39]} 28. Qc2 {[%clk 0:12:32]} Kg8
{[%clk 0:08:40]} 29. Be3 {[%clk 0:12:16]} Rf7 {[%clk 0:08:41]} 30. Nc5
{[%clk 0:07:54]} Qd6 {[%clk 0:08:47]} 31. g4 {[%clk 0:07:58]} Bg6
{[%clk 0:09:14]} 32. Be4 {[%clk 0:06:54]} Rf8 {[%clk 0:06:48]} 33. b4
{[%clk 0:04:57]} axb3 {[%clk 0:06:44]} 34. Qxb3 {[%clk 0:05:17]} Bf7
{[%clk 0:07:04]} 35. Qb2 {[%clk 0:05:28]} Re8 {[%clk 0:06:31]} 36. Bd2
{[%clk 0:05:32]} Ne6 {[%clk 0:06:42]} 37. Nxe6 {[%clk 0:04:54]} Bxe6
{[%clk 0:06:32]} 38. Bb4 {[%clk 0:04:12]} Nxb4 {[%clk 0:06:27]} 39. axb4
{[%clk 0:04:41]} Bd5 {[%clk 0:05:40]} 40. Qc3 {[%clk 0:04:30]} Ra4
{[%clk 0:05:15]} 41. Rb1 {[%clk 0:04:42]} Ra2 {[%clk 0:05:00]} 42. Ra1
{[%clk 0:04:20]} Rxa1 {[%clk 0:04:18]} 43. Rxa1 {[%clk 0:04:49]} Bxe4
{[%clk 0:04:30]} 44. dxe4 {[%clk 0:05:09]} Rd8 {[%clk 0:04:49]} 45. Qb3+
{[%clk 0:04:00]} Kh7 {[%clk 0:05:04]} 46. Qf7 {[%clk 0:03:58]} Rf8
{[%clk 0:05:14]} 47. Qb3 {[%clk 0:02:50]} Qd4 {[%clk 0:05:43]} 48. Ra2
{[%clk 0:02:40]} Qxe4 {[%clk 0:06:00]} 49. Qc2 {[%clk 0:01:58]} Rf4
{[%clk 0:05:59]} 50. Rb2 {[%clk 0:01:50]} Qxc2 {[%clk 0:03:08]} 51. Rxc2
{[%clk 0:02:19]} Rc4 {[%clk 0:03:38]} 52. Rb2 {[%clk 0:02:32]} Kg6
{[%clk 0:04:02]} 53. Kg2 {[%clk 0:02:20]} Kg5 {[%clk 0:04:28]} 54. Kg3
{[%clk 0:02:39]} Rc3+ {[%clk 0:04:57]} 55. f3 {[%clk 0:03:00]} e4
{[%clk 0:04:49]} 56. h4+ {[%clk 0:03:18]} Kf6 {[%clk 0:05:15]} 57. Kf4
{[%clk 0:02:31]} exf3 {[%clk 0:05:23]} 58. Rd2 {[%clk 0:02:38]} Ke6
{[%clk 0:05:19]} 59. Kg3 {[%clk 0:02:53]} Rc4 {[%clk 0:05:23]} 60. Rb2
{[%clk 0:03:04]} f2 {[%clk 0:05:46]} 61. Re2+ {[%clk 0:02:51]} Kd6
{[%clk 0:04:25]} 62. Rd2+ {[%clk 0:03:10]} Ke5 {[%clk 0:03:53]} 63. Rxf2
{[%clk 0:03:30]} Rxb4 {[%clk 0:04:00]} 64. Rf5+ {[%clk 0:03:29]} Ke6
{[%clk 0:03:59]} 65. h5 {[%clk 0:03:45]} Rc4 {[%clk 0:03:58]} 66. Rf8
{[%clk 0:03:53]} b4 {[%clk 0:04:20]} 67. Re8+ {[%clk 0:04:17]} Kf7
{[%clk 0:04:44]} 68. Rb8 {[%clk 0:04:20]} c5 {[%clk 0:05:13]} 69. Rb7+
{[%clk 0:04:43]} Kg8 {[%clk 0:05:15]} 70. Rb8+ {[%clk 0:05:08]} Kh7
{[%clk 0:05:39]} 71. Rb7 {[%clk 0:05:03]} Rc3+ {[%clk 0:06:07]} 72. Kf4
{[%clk 0:05:09]} b3 {[%clk 0:06:32]} 73. Ke4 {[%clk 0:04:45]} Rc4+
{[%clk 0:07:00]} 74. Kd3 {[%clk 0:04:04]} Rb4 {[%clk 0:07:29]} 0-1

[Event "Wroclaw Open"]
[Site "?"]
[Date "2017.08.16"]
[Round "8.20"]
[White "Wieczorek, Mikolaj"]
[Black "Van Der Heide, Gerben"]
[Result "0-1"]
[BlackElo "1908"]
[WhiteElo "1533"]
[LiveChessVersion "1.4.6"]

1. e4 {[%clk 1:30:56]} d6 {[%clk 1:30:55]} 2. d4 {[%clk 1:31:22]} Nf6
{[%clk 1:31:18]} 3. Nc3 {[%clk 1:31:39]} g6 {[%clk 1:31:38]} 4. f4
{[%clk 1:31:45]} Bg7 {[%clk 1:31:59]} 5. Nf3 {[%clk 1:32:04]} c5 {[%clk 1:32:13]}
6. dxc5 {[%clk 1:31:40]} Qa5 {[%clk 1:32:32]} 7. Qd3 {[%clk 1:19:49]} Qxc5
{[%clk 1:23:45]} 8. Be3 {[%clk 1:17:46]} Qb4 {[%clk 1:21:45]} 9. Qc4
{[%clk 1:08:03]} Nc6 {[%clk 1:18:47]} 10. Qxb4 {[%clk 1:07:24]} Nxb4
{[%clk 1:18:55]} 11. O-O-O {[%clk 1:07:17]} O-O {[%clk 1:07:58]} 12. h3
{[%clk 1:07:03]} Nh5 {[%clk 1:00:41]} 13. Bc4 {[%clk 0:59:20]} Bxc3
{[%clk 0:55:58]} 14. bxc3 {[%clk 0:59:27]} Nc6 {[%clk 0:55:35]} 15. Bd3
{[%clk 0:59:17]} Be6 {[%clk 0:41:33]} 16. Nd4 {[%clk 0:55:28]} Bxa2
{[%clk 0:35:30]} 17. c4 {[%clk 0:55:04]} Nxd4 {[%clk 0:33:15]} 18. Bxd4
{[%clk 0:54:30]} Rfc8 {[%clk 0:32:07]} 19. e5 {[%clk 0:53:36]} Bxc4
{[%clk 0:30:40]} 20. Be3 {[%clk 0:53:19]} Bxd3 {[%clk 0:28:00]} 21. Rxd3
{[%clk 0:53:39]} dxe5 {[%clk 0:27:28]} 22. fxe5 {[%clk 0:53:59]} Rc7
{[%clk 0:11:28]} 23. Rhd1 {[%clk 0:53:44]} Kg7 {[%clk 0:11:26]} 24. Rd7
{[%clk 0:53:46]} Rac8 {[%clk 0:11:16]} 25. Rxc7 {[%clk 0:53:39]} Rxc7
{[%clk 0:11:44]} 26. Bxa7 {[%clk 0:53:59]} b5 {[%clk 0:11:45]} 27. Bd4
{[%clk 0:53:30]} e6 {[%clk 0:11:59]} 28. Be3 {[%clk 0:52:14]} h6 {[%clk 0:09:55]}
29. Rd6 {[%clk 0:52:15]} Rb7 {[%clk 0:09:54]} 30. Kb2 {[%clk 0:50:53]} Ng3
{[%clk 0:08:13]} 31. Kb3 {[%clk 0:50:06]} Nf5 {[%clk 0:06:06]} 32. Rb6
{[%clk 0:50:06]} Rd7 {[%clk 0:04:32]} 33. Bc5 {[%clk 0:48:29]} Rd5
{[%clk 0:04:09]} 34. Rxb5 {[%clk 0:48:48]} Nd4+ {[%clk 0:04:04]} 35. Bxd4
{[%clk 0:48:16]} Rxb5+ {[%clk 0:04:26]} 36. Ka4 {[%clk 0:48:29]} Rd5
{[%clk 0:04:33]} 37. c3 {[%clk 0:48:13]} g5 {[%clk 0:04:41]} 38. Kb4
{[%clk 0:48:34]} Kg6 {[%clk 0:03:39]} 39. Kc4 {[%clk 0:48:53]} Kf5
{[%clk 0:03:45]} 40. Kd3 {[%clk 0:49:05]} Kf4 {[%clk 0:03:55]} 41. Ke2
{[%clk 0:48:11]} Ke4 {[%clk 0:03:48]} 42. Kf2 {[%clk 0:47:43]} Rxd4
{[%clk 0:03:59]} 43. cxd4 {[%clk 0:47:57]} Kxd4 {[%clk 0:04:21]} 44. Kg3
{[%clk 0:48:16]} Kxe5 {[%clk 0:04:41]} 45. Kg4 {[%clk 0:48:22]} Kd4
{[%clk 0:03:10]} 46. Kh5 {[%clk 0:48:21]} e5 {[%clk 0:03:18]} 47. Kxh6
{[%clk 0:47:57]} e4 {[%clk 0:03:38]} 48. Kxg5 {[%clk 0:48:19]} e3
{[%clk 0:04:02]} 49. Kf6 {[%clk 0:48:21]} e2 {[%clk 0:04:15]} 50. Kxf7
{[%clk 0:48:40]} e1=Q {[%clk 0:04:39]} 51. g4 {[%clk 0:49:07]} Qh4
{[%clk 0:05:04]} 52. Kg6 {[%clk 0:49:12]} Ke5 {[%clk 0:05:09]} 53. g5
{[%clk 0:49:30]} Ke6 {[%clk 0:05:14]} 54. Kg7 {[%clk 0:50:13]} Qxg5+ 0-1

[Event "Wroclaw Open"]
[Site "?"]
[Date "2017.08.16"]
[Round "8.21"]
[White "Drijver, Evert"]
[Black "Olszowski, Andrzej"]
[Result "1/2-1/2"]
[BlackElo "1680"]
[WhiteElo "1896"]
[LiveChessVersion "1.4.6"]

1. d4 d5 2. Nf3 c6 3. Bf4 Bg4 4. e3 Nd7 5. Be2 e6 6. h3 Bh5 7. Nbd2 Ngf6 8. O-O
Be7 9. c4 O-O 10. Rc1 dxc4 11. Nxc4 Nb6 12. Qb3 Ne4 13. Rfd1 Bd6 14. Nxd6 Nxd6
15. Rc5 Bg6 16. Bg5 Qe8 17. Ne5 Ne4 18. Nxg6 hxg6 19. Bf4 Nd5 20. Rxd5 exd5 21.
f3 Nf6 22. Bd6 Qd7 23. Bxf8 Rxf8 24. Kf2 Re8 25. Ra1 1/2-1/2

[Event "Wroclaw Open"]
[Site "?"]
[Date "2017.08.16"]
[Round "8.22"]
[White "Zagema, Jan Sybren"]
[Black "Daleczko, Wladyslaw"]
[Result "1/2-1/2"]
[BlackElo "1611"]
[WhiteElo "1878"]
[LiveChessVersion "1.4.6"]

1. e4 d6 2. d4 Nf6 3. Nc3 g6 4. Be3 Bg7 5. f3 O-O 6. Qd2 Na6 7. Nge2 c5 8. g4
cxd4 9. Nxd4 h5 10. h3 Nh7 11. gxh5 e5 12. Ndb5 Qh4+ 13. Qf2 Qxh5 14. Nxd6 Bf6
15. O-O-O Bg5 16. Kb1 Bxe3 17. Qxe3 Be6 18. Nxb7 Nb4 19. Be2 Nc6 20. f4 exf4 21.
Qxf4 Qe5 22. Qxe5 Nxe5 23. Nc5 Bc4 24. Bxc4 Nxc4 25. Nd5 Kg7 26. b3 Rac8 27. Nd3
Na3+ 28. Kb2 Nxc2 29. N3f4 a5 30. a3 Rfe8 31. Rh2 g5 32. Rxc2 Rxc2+ 33. Kxc2 gxf4
34. Rg1+ Kf8 35. Kd3 f6 36. h4 Kf7 37. Rf1 Rb8 38. Kc4 Ke6 39. Nxf4+ Ke5 40. Nd3+
Kxe4 41. Nc5+ Ke3 42. Rf5 Rb6 43. b4 axb4 44. axb4 Rd6 45. Rd5 Rxd5 46. Kxd5 f5
47. b5 f4 48. b6 Nf6+ 49. Kc6 f3 50. b7 f2 51. b8=Q f1=Q 52. Qe5+ Kd2 53. Qd4+
Kc2 54. Qa4+ Kd2 55. Qa2+ Ke3 56. Qb3+ Kd2 57. Qb2+ Ke3 58. Qc3+ Ke2 59. Qc4+ Kf2
60. Qf4+ Kg2 61. Qd2+ Kg3 62. Qd3+ Qf3+ 1/2-1/2

[Event "Wroclaw Open"]
[Site "?"]
[Date "2017.08.16"]
[Round "9.1"]
[White "Kowalczyk, Pawel"]
[Black "Omelja, Artem"]
[Result "1-0"]
[BlackElo "2411"]
[WhiteElo "2311"]
[LiveChessVersion "1.4.6"]

1. d4 {[%clk 1:30:43]} Nf6 {[%clk 1:30:43]} 2. c4 {[%clk 1:31:06]} e6
{[%clk 1:30:53]} 3. Nf3 {[%clk 1:31:32]} d5 {[%clk 1:30:47]} 4. Nc3
{[%clk 1:31:59]} a6 {[%clk 1:27:20]} 5. Bg5 {[%clk 1:32:24]} dxc4
{[%clk 1:25:42]} 6. a4 {[%clk 1:21:12]} Nc6 {[%clk 1:19:41]} 7. e3
{[%clk 1:19:06]} Na5 {[%clk 1:19:47]} 8. Nd2 {[%clk 1:18:09]} c5 {[%clk 1:17:38]}
9. Nxc4 {[%clk 1:17:21]} Nxc4 {[%clk 1:15:10]} 10. Bxc4 {[%clk 1:17:45]} cxd4
{[%clk 1:15:30]} 11. exd4 {[%clk 1:18:12]} Be7 {[%clk 1:15:03]} 12. O-O
{[%clk 1:15:54]} O-O {[%clk 1:15:01]} 13. Re1 {[%clk 1:11:10]} Bd7
{[%clk 1:12:50]} 14. Qb3 {[%clk 1:09:21]} Bc6 {[%clk 1:09:38]} 15. Rad1
{[%clk 1:06:29]} Qa5 {[%clk 1:07:28]} 16. Bd2 {[%clk 0:50:15]} Qc7
{[%clk 1:04:24]} 17. d5 {[%clk 0:48:41]} exd5 {[%clk 1:00:46]} 18. Nxd5
{[%clk 0:48:54]} Nxd5 {[%clk 1:00:37]} 19. Bxd5 {[%clk 0:49:20]} Bxd5
{[%clk 0:55:49]} 20. Qxd5 {[%clk 0:49:48]} Rad8 {[%clk 0:54:04]} 21. Qf3
{[%clk 0:49:42]} Bf6 {[%clk 0:52:05]} 22. Bf4 {[%clk 0:45:23]} Qc2
{[%clk 0:51:07]} 23. b3 {[%clk 0:41:54]} b5 {[%clk 0:49:39]} 24. axb5
{[%clk 0:40:42]} axb5 {[%clk 0:49:56]} 25. g3 {[%clk 0:38:41]} Qf5
{[%clk 0:23:53]} 26. Kg2 {[%clk 0:32:20]} Rxd1 {[%clk 0:08:57]} 27. Rxd1
{[%clk 0:32:48]} b4 {[%clk 0:07:56]} 28. Rd5 {[%clk 0:29:52]} Qe6
{[%clk 0:07:37]} 29. Rd6 {[%clk 0:30:16]} Qc8 {[%clk 0:06:24]} 30. Rb6
{[%clk 0:29:20]} Be7 {[%clk 0:06:15]} 31. Rb7 {[%clk 0:29:34]} Re8
{[%clk 0:03:43]} 32. Bd2 {[%clk 0:28:58]} Qe6 {[%clk 0:02:28]} 33. Bxb4
{[%clk 0:25:57]} Bxb4 {[%clk 0:02:44]} 34. Rxb4 {[%clk 0:26:26]} g6
{[%clk 0:03:02]} 35. h4 {[%clk 0:25:09]} h5 {[%clk 0:03:21]} 36. Rf4
{[%clk 0:25:34]} Rb8 {[%clk 0:02:40]} 37. b4 {[%clk 0:25:58]} Rb5
{[%clk 0:02:54]} 38. Qc3 {[%clk 0:25:29]} Qd5+ {[%clk 0:02:43]} 39. Kh2
{[%clk 0:25:56]} Rb8 {[%clk 0:03:01]} 40. Qc4 {[%clk 0:25:06]} Qd7
{[%clk 0:03:07]} 41. Rf6 {[%clk 0:24:25]} Kg7 {[%clk 0:03:00]} 42. Qc3
{[%clk 0:24:09]} Kg8 {[%clk 0:03:20]} 43. Rc6 {[%clk 0:24:03]} Qf5
{[%clk 0:02:53]} 44. Rf6 {[%clk 0:24:00]} Qb5 {[%clk 0:02:45]} 45. Rf4
{[%clk 0:24:23]} Qd5 {[%clk 0:02:30]} 46. Qd4 {[%clk 0:23:56]} Qb7
{[%clk 0:02:19]} 47. Re4 {[%clk 0:24:21]} Qb5 {[%clk 0:01:56]} 48. Re5
{[%clk 0:24:38]} Qc6 {[%clk 0:01:40]} 49. Rd5 {[%clk 0:25:04]} Qb6
{[%clk 0:00:50]} 50. Rc5 {[%clk 0:24:40]} Kh7 {[%clk 0:01:03]} 51. b5
{[%clk 0:24:53]} Rc8 {[%clk 0:01:02]} 52. Rxh5+ {[%clk 0:25:16]} 1-0